Manual del investigador: Guía de procedimientos para la investigación con seres humanos en la Universidad de Costa Rica /

Wedi'i Gadw mewn:
Manylion Llyfryddiaeth
Awdur Corfforaethol: Universidad de Costa Rica. Vicerrectoría de Investigación. Comité Ético- Científico
Fformat: Llyfr
Iaith:Spanish
Cyhoeddwyd: San José, Costa Rica : UCR, 2008
Pynciau:
Tagiau: Ychwanegu Tag
Dim Tagiau, Byddwch y cyntaf i dagio'r cofnod hwn!

MARC

LEADER 00000nam a2200000Ia 4500
008 180711b2008 cr ||||| |||| 00| | spa d
999 |c 2226  |d 2226 
090 |a 18.01.01   |b 1565 
110 2 |a Universidad de Costa Rica. Vicerrectoría de Investigación. Comité Ético- Científico  |9 3985 
245 1 0 |a Manual del investigador: Guía de procedimientos para la investigación con seres humanos en la Universidad de Costa Rica /   |c Universidad de Costa Rica. Vicerrectoría de Investigación. Comité Ético- Científico 
260 |a San José, Costa Rica :   |b UCR,   |c 2008 
300 |a 32 páginas 
610 4 |9 714  |a UNIVERSIDAD DE COSTA RICA 
650 1 4 |a INVESTIGACIÓN  |9 163 
650 1 4 |a MANUALES   |9 426 
942 |i 003369   |h 18.01.01 1565  |2 z  |c 01